Squatting verzus bezdomovectvo

Vymedzenie pojmu squatting. Squatting ako subkultúra. Právne pozadie squattingu. Počiatky squattingu. Squatting vo svete a u nás. Typológia bezdomovectva. Sedem teoretických domén bezdomovectva.

Guardado en:
Detalles Bibliográficos
Autor principal: Špániková, Martina
Formato: Capítulo de libro
Lenguaje:eslovaco
Materias:
Etiquetas: Agregar Etiqueta
Sin Etiquetas, Sea el primero en etiquetar este registro!

MARC

LEADER 00000nla$a2200000$$$4500
001 0116036
005 20221107085635.7
041 0 |a slo 
044 |a SK 
245 1 0 |a Squatting verzus bezdomovectvo  |c Martina Špániková 
520 |a Vymedzenie pojmu squatting. Squatting ako subkultúra. Právne pozadie squattingu. Počiatky squattingu. Squatting vo svete a u nás. Typológia bezdomovectva. Sedem teoretických domén bezdomovectva. 
610 2 0 |a ľudia bez domova 
610 2 0 |a vylúčenie sociálne 
100 1 |a Špániková, Martina